[Event "ch-FRA w 2013"]
[Site "Nancy FRA"]
[Date "2013.08.11"]
[Round "1.1"]
[White "Collas, Silvia"]
[Black "Milliet, Sophie"]
[Result "1-0"]
[WhiteTitle "IM"]
[BlackTitle "IM"]
[WhiteElo "2286"]
[BlackElo "2401"]
[WhiteFideId "2902265"]
[BlackFideId "623725"]
[EventDate "2013.08.11"]

1. Nf3 Nf6 2. c4 b6 3. d4 Bb7 4. e3 e6 5. a3 g6 6. Nc3 Bg7 7. Bd3 d5 8. O-O O-O
9. cxd5 exd5 10. b4 Ne4 11. Qb3 Nxc3 12. Qxc3 Nd7 13. a4 Rc8 14. a5 c5 15. a6
Ba8 16. bxc5 bxc5 17. Qa5 c4 18. Bc2 Rc6 19. e4 Nb6 20. Ba3 Re8 21. e5 Qc8 22.
Rfb1 f6 23. exf6 Rxf6 24. Bc5 Qg4 25. Ra3 Qf4 26. g3 Qc7 27. Ne5 Rfe6 28. f4
Bxe5 29. fxe5 Qd8 30. Rf1 Rc6 31. Raf3 Nd7 32. Qxd8 Rxd8 33. Ba4 Rxc5 34. Bxd7
Rc7 35. e6 Rcxd7 36. exd7 Rxd7 37. Rf8+ Kg7 38. Rxa8 1-0

[Event "ch-FRA w 2013"]
[Site "Nancy FRA"]
[Date "2013.08.11"]
[Round "1.2"]
[White "Navrotescu, Andreea-Cristiana"]
[Black "Congiu, Mathilde"]
[Result "0-1"]
[WhiteTitle "WFM"]
[BlackTitle "WIM"]
[WhiteElo "2110"]
[BlackElo "2190"]
[WhiteFideId "675946"]
[BlackFideId "634581"]
[EventDate "2013.08.11"]

1. c4 e5 2. g3 Nc6 3. Bg2 g6 4. Nc3 Bg7 5. e4 d6 6. d3 Nh6 7. Nge2 O-O 8. O-O f5
9. h3 f4 10. gxf4 Qh4 11. fxe5 Bxh3 12. Bxh3 Qxh3 13. Nf4 Rxf4 14. Bxf4 Nxe5 15.
f3 Nxf3+ 16. Rxf3 Bd4+ 17. Be3 Bxe3+ 18. Rxe3 Qxe3+ 19. Kg2 Rf8 20. Qe2 Qg5+ 21.
Kh1 Rf4 0-1

[Event "ch-FRA w 2013"]
[Site "Nancy FRA"]
[Date "2013.08.11"]
[Round "1.3"]
[White "Martsynovskaya, Marina"]
[Black "Leconte, Maria"]
[Result "0-1"]
[WhiteTitle "WIM"]
[BlackTitle "WGM"]
[WhiteElo "2156"]
[BlackElo "2246"]
[WhiteFideId "609218"]
[BlackFideId "618446"]
[EventDate "2013.08.11"]

1. e4 c5 2. Nc3 a6 3. g3 b5 4. Bg2 Bb7 5. d3 e6 6. f4 d5 7. exd5 Nf6 8. Nf3 exd5
9. d4 Be7 10. O-O O-O 11. h3 Ne4 12. Kh2 Nd7 13. Be3 Rc8 14. Ne2 Bf6 15. c3 Nb6
16. b3 Nd7 17. Rc1 a5 18. Ne5 b4 19. Nxd7 Qxd7 20. Bxe4 dxe4 21. dxc5 Qd3 22.
Bg1 Rfd8 23. Qc2 e3 24. cxb4 Qd5 0-1

[Event "ch-FRA w 2013"]
[Site "Nancy FRA"]
[Date "2013.08.11"]
[Round "1.4"]
[White "Choisy, Mathilde"]
[Black "Maisuradze, Nino"]
[Result "0-1"]
[WhiteTitle "WFM"]
[BlackTitle "WGM"]
[WhiteElo "2150"]
[BlackElo "2288"]
[WhiteFideId "634565"]
[BlackFideId "13601717"]
[EventDate "2013.08.11"]

1. e4 c5 2. Nf3 e6 3. b3 Nf6 4. e5 Nd5 5. Bb2 Nc6 6. g3 g6 7. c4 Nde7 8. Nc3 Bg7
9. Ne4 O-O 10. Nxc5 Qa5 11. Nd3 b5 12. Bc3 Qb6 13. cxb5 Qxb5 14. Nf4 Qb8 15. Qe2
a5 16. Bg2 Ba6 17. d3 d6 18. O-O dxe5 19. Nh3 e4 20. Bxg7 exf3 21. Qb2 fxg2 22.
Rfe1 Rd8 23. Ng5 Nf5 24. Qf6 Nxg7 25. Qxf7+ Kh8 26. Nxe6 Nxe6 27. Rxe6 Rf8 28.
Qd7 Bc8 0-1

[Event "ch-FRA w 2013"]
[Site "Nancy FRA"]
[Date "2013.08.11"]
[Round "1.5"]
[White "Safranska, Anda"]
[Black "Richard, Emma"]
[Result "0-1"]
[WhiteTitle "WGM"]
[WhiteElo "2312"]
[BlackElo "2108"]
[WhiteFideId "11600209"]
[BlackFideId "657590"]
[EventDate "2013.08.11"]

1. b3 Nf6 2. Bb2 e6 3. e3 Be7 4. f4 Ne4 5. Nf3 Bf6 6. c3 d5 7. d3 Nd6 8. Qe2 Nd7
9. g4 h6 10. Bg2 e5 11. fxe5 Bxe5 12. Nbd2 c6 13. O-O-O O-O 14. Nxe5 Nxe5 15. h3
Re8 16. Nf3 Ng6 17. Qf2 a5 18. Rhe1 a4 19. Kc2 Nb5 20. b4 a3 21. Ba1 Be6 22. c4
Nd6 23. c5 Nb5 24. Nd4 Nxd4+ 25. Bxd4 Ra4 26. Rb1 Nf8 27. Bf3 f6 28. Bd1 Bf7 29.
Kc1 Ra8 30. Bb3 Ne6 31. Bc3 Bg6 32. Kd2 b6 33. cxb6 Qxb6 34. h4 Qa6 35. Qf1 Rad8
36. Bc2 d4 37. exd4 Nxd4 38. Rxe8+ Bxe8 39. Bxd4 Rxd4 40. Qe2 Bf7 41. Bb3 Qb5
42. Bxf7+ Kxf7 43. Kc3 c5 44. bxc5 Qxc5+ 45. Kd2 Qa5+ 46. Kc2 Qa4+ 47. Kc3 Rxg4
48. Rb7+ Kg6 49. h5+ Kxh5 50. Qf3 Kg6 51. Qd5 h5 52. Rb8 Qf4 0-1

[Event "ch-FRA w 2013"]
[Site "Nancy FRA"]
[Date "2013.08.11"]
[Round "1.6"]
[White "Delorme, Laurie"]
[Black "Hamdouchi, Adina-Maria"]
[Result "1/2-1/2"]
[WhiteTitle "WIM"]
[BlackTitle "WGM"]
[WhiteElo "2183"]
[BlackElo "2211"]
[WhiteFideId "630829"]
[BlackFideId "1206435"]
[EventDate "2013.08.11"]

1. d4 Nf6 2. c4 g6 3. Nc3 Bg7 4. e4 d6 5. Be2 O-O 6. Bg5 Nbd7 7. Qd2 e5 8. d5 a6
9. h4 Nc5 10. f3 Qe8 11. Nh3 Nh5 12. g4 Ng3 13. Rg1 Nxe2 14. Qxe2 b5 15. b4 Na4
16. Nxa4 bxa4 17. Rd1 a3 18. Qc2 Rb8 19. Qb3 c5 20. dxc6 Qxc6 21. Be7 Be6 22.
Bxd6 Bxc4 23. Qxa3 Rb5 24. Rg2 Rd8 25. Rgd2 Rb7 26. Qc3 Rbd7 27. a3 h6 28. Nf2
Re8 29. Bc5 Rxd2 30. Rxd2 Be6 31. Rd6 Qc8 32. Nd1 Rd8 33. Qd3 Rxd6 34. Qxd6 Bf6
35. g5 hxg5 36. hxg5 Bxg5 37. Qxe5 Bh4+ 38. Kd2 Qd7+ 39. Qd6 Bg5+ 40. Ne3 f5 41.
exf5 Bxf5 42. Qxd7 Bxd7 43. Bd6 Bxe3+ 44. Kxe3 Kf7 45. Kd4 Ke6 46. Kc5 Bb5 47.
Bg3 Kf5 48. Kb6 g5 49. Ka5 Ke6 50. a4 Be2 51. Kb6 Kf5 52. b5 1/2-1/2

[Event "ch-FRA w 2013"]
[Site "Nancy FRA"]
[Date "2013.08.12"]
[Round "2.3"]
[White "Richard, Emma"]
[Black "Collas, Silvia"]
[Result "0-1"]
[BlackTitle "IM"]
[WhiteElo "2108"]
[BlackElo "2286"]
[WhiteFideId "657590"]
[BlackFideId "2902265"]
[EventDate "2013.08.11"]

1. d4 Nf6 2. Nf3 e6 3. g3 b5 4. a4 b4 5. c4 Bb7 6. Bg2 c5 7. e3 Qc7 8. Nbd2 d6
9. O-O Nbd7 10. Qc2 Be7 11. Re1 a5 12. b3 O-O 13. Bb2 Rfe8 14. e4 cxd4 15. Nxd4
e5 16. Nf5 Bd8 17. c5 dxc5 18. Nc4 Ba6 19. Ncd6 Re6 20. Rad1 Be7 21. Nxe7+ Rxe7
22. Qd2 c4 23. bxc4 Nc5 24. Nf5 Re6 25. Qg5 Ne8 26. f4 f6 27. Qg4 Bxc4 28. Rc1
Nd3 29. Nh6+ Kf8 0-1

[Event "ch-FRA w 2013"]
[Site "Nancy FRA"]
[Date "2013.08.12"]
[Round "2.4"]
[White "Leconte, Maria"]
[Black "Navrotescu, Andreea-Cristiana"]
[Result "1-0"]
[WhiteTitle "WGM"]
[BlackTitle "WFM"]
[WhiteElo "2246"]
[BlackElo "2110"]
[WhiteFideId "618446"]
[BlackFideId "675946"]
[EventDate "2013.08.11"]

1. e4 c5 2. Nf3 d6 3. d4 Nf6 4. Nc3 cxd4 5. Nxd4 g6 6. f4 Nbd7 7. Be2 Bg7 8. Be3
O-O 9. Bf3 a6 10. Nb3 Qc7 11. Qe2 Re8 12. O-O-O e5 13. Qd2 Nb6 14. Na5 Nc4 15.
Nxc4 Qxc4 16. Qxd6 Ng4 17. Be2 Qe6 18. Bxg4 Qxg4 19. Nd5 exf4 20. Bd4 Be6 21.
Bxg7 Bxd5 22. Bc3 1-0

[Event "ch-FRA w 2013"]
[Site "Nancy FRA"]
[Date "2013.08.12"]
[Round "2.5"]
[White "Congiu, Mathilde"]
[Black "Choisy, Mathilde"]
[Result "1-0"]
[WhiteTitle "WIM"]
[BlackTitle "WFM"]
[WhiteElo "2190"]
[BlackElo "2150"]
[WhiteFideId "634581"]
[BlackFideId "634565"]
[EventDate "2013.08.11"]

1. e4 d6 2. d4 Nf6 3. Nc3 g6 4. Be3 c6 5. Qd2 b5 6. Bd3 Nbd7 7. Nf3 Bg7 8. Bh6
O-O 9. O-O e5 10. Bxg7 Kxg7 11. Ne2 a6 12. c3 Re8 13. Ng3 Qc7 14. Rfe1 Nf8 15.
a4 Rb8 16. axb5 axb5 17. h3 Ne6 18. Bf1 Nf4 19. Qe3 Bb7 20. dxe5 dxe5 21. b4
Rbd8 22. Ra7 Ra8 23. Rea1 Nd7 24. R1a5 Rxa7 25. Rxa7 Ra8 26. Nd2 Ne6 27. Nb3 Nb6
28. Rxa8 Bxa8 29. Nc5 Nxc5 30. Qxc5 Na4 31. Qe3 Nb6 32. Qg5 Nd7 33. Qe7 Bb7 34.
Be2 Bc8 35. c4 Qb7 36. c5 Qb8 37. Bd1 Nf8 38. Qe8 Qc7 39. h4 Qd7 40. Qxe5+ f6
41. Qa1 Qd2 42. Qa7+ Kh6 43. Be2 Ne6 44. Qf7 Qc1+ 45. Bf1 Qf4 46. Qe8 Qc7 47.
Qh8 Qd8 48. Qxd8 Nxd8 49. Bd3 Ne6 50. Ne2 Kg7 51. f4 Nc7 52. Nd4 Bd7 53. Kf2 Na6
54. Nc2 Be6 55. Ke3 Kf7 56. Kd2 Nc7 57. Kc3 Bd7 58. Nd4 f5 59. Nf3 fxe4 60. Bxe4
Ne6 61. Ne5+ Ke8 62. Nxd7 Kxd7 63. f5 Nf4 64. fxg6 hxg6 65. g4 Kc7 66. Kd4 Kd7
67. Ke5 Ne2 68. Bxg6 1-0

[Event "ch-FRA w 2013"]
[Site "Nancy FRA"]
[Date "2013.08.13"]
[Round "3.1"]
[White "Choisy, Mathilde"]
[Black "Leconte, Maria"]
[Result "1/2-1/2"]
[WhiteTitle "WFM"]
[BlackTitle "WGM"]
[WhiteElo "2150"]
[BlackElo "2246"]
[WhiteFideId "634565"]
[BlackFideId "618446"]
[EventDate "2013.08.11"]

1. e4 e6 2. d4 d5 3. Nc3 Bb4 4. exd5 exd5 5. Bd3 Nc6 6. a3 Be7 7. Be3 Bf6 8. Qh5
Be6 9. Nge2 Qd7 10. h3 O-O-O 11. Qf3 h5 12. O-O-O Nge7 13. Bb5 a6 14. Bxc6 Qxc6
15. Nf4 h4 16. Nh5 Bf5 17. Rhe1 Be4 18. Qg4+ Bf5 19. Qf3 Be4 20. Qg4+ Bf5 21.
Qf3 1/2-1/2

[Event "ch-FRA w 2013"]
[Site "Nancy FRA"]
[Date "2013.08.13"]
[Round "3.2"]
[White "Safranska, Anda"]
[Black "Congiu, Mathilde"]
[Result "0-1"]
[WhiteTitle "WGM"]
[BlackTitle "WIM"]
[WhiteElo "2312"]
[BlackElo "2190"]
[WhiteFideId "11600209"]
[BlackFideId "634581"]
[EventDate "2013.08.11"]

1. Nf3 Nf6 2. g3 g6 3. b3 Bg7 4. Bb2 d6 5. d4 O-O 6. Bg2 c6 7. c4 Bg4 8. Nc3
Bxf3 9. Bxf3 Nbd7 10. O-O Re8 11. e4 Qc7 12. Bg2 a6 13. f4 e5 14. fxe5 dxe5 15.
d5 b5 16. Kh1 bxc4 17. bxc4 Rab8 18. Qe2 Rb7 19. Nd1 Reb8 20. Rc1 c5 21. Bc3 Ne8
22. h4 Nd6 23. Bh3 Nb6 24. Ba5 Qe7 25. Be1 Bh6 26. Rc2 Nd7 27. Ne3 Bg7 28. Bg2
Rb1 29. Kh2 h5 30. Bf3 Nf6 31. Ng2 Qc7 32. Rf2 Qb7 33. Bc3 Qe7 34. Bd2 Ndxe4 35.
Bxe4 Ng4+ 36. Qxg4 hxg4 37. d6 Qxd6 38. Bd5 Rf8 39. Ne3 Qd7 40. Bc3 Kh7 41. Rcd2
Qe7 42. Be4 Re1 43. Rd3 Rxe3 44. Rxe3 f5 45. Bd5 Rb8 46. Rb2 Qc7 47. Ree2 e4 48.
Rxb8 Qxb8 49. Rb2 Qxb2+ 50. Bxb2 Bxb2 51. Kg2 Bd4 52. Be6 Kg7 53. Bc8 Kf6 54.
Bxa6 e3 55. Kf1 Be5 56. Ke2 Bxg3 57. Kxe3 Bxh4 58. Bc8 Ke5 59. a4 Be1 60. Bd7
Bb4 61. Be8 f4+ 62. Kd3 g3 63. Bc6 g5 64. Ke2 g4 65. Bd7 f3+ 66. Ke3 g2 0-1

[Event "ch-FRA w 2013"]
[Site "Nancy FRA"]
[Date "2013.08.13"]
[Round "3.4"]
[White "Collas, Silvia"]
[Black "Maisuradze, Nino"]
[Result "1/2-1/2"]
[WhiteTitle "IM"]
[BlackTitle "WGM"]
[WhiteElo "2286"]
[BlackElo "2288"]
[WhiteFideId "2902265"]
[BlackFideId "13601717"]
[EventDate "2013.08.11"]

1. d4 Nf6 2. c4 e6 3. Nc3 c5 4. d5 exd5 5. cxd5 d6 6. e4 g6 7. Nge2 Bg7 8. Ng3
h5 9. Be2 h4 10. Nf1 a6 11. a4 Nbd7 12. Bg5 h3 13. g3 Qc7 14. Bd2 O-O 15. Ne3
Re8 16. Qc2 Ne5 17. a5 Nfg4 18. f3 Nxe3 19. Bxe3 b5 20. axb6 Qxb6 21. O-O Rb8
22. b4 Nd7 23. Rfb1 Bd4 24. Qd2 Bxe3+ 25. Qxe3 cxb4 26. Qxb6 Rxb6 27. Na4 Rb8
28. Rc1 Nb6 29. Nxb6 Rxb6 30. Rc6 Rxc6 31. dxc6 d5 32. Bxa6 dxe4 33. fxe4 Bxa6
34. Rxa6 Kg7 35. c7 Rc8 36. Ra7 b3 37. Rb7 Kf6 38. Kf2 b2 39. Rxb2 Rxc7 40. Kf3
Rc1 41. Kg4 Re1 42. Rf2+ 1/2-1/2

[Event "ch-FRA w 2013"]
[Site "Nancy FRA"]
[Date "2013.08.13"]
[Round "3.6"]
[White "Martsynovskaya, Marina"]
[Black "Hamdouchi, Adina-Maria"]
[Result "1/2-1/2"]
[WhiteTitle "WIM"]
[BlackTitle "WGM"]
[WhiteElo "2156"]
[BlackElo "2211"]
[WhiteFideId "609218"]
[BlackFideId "1206435"]
[EventDate "2013.08.11"]

1. e4 g6 2. d4 Bg7 3. Nf3 d6 4. c3 Nf6 5. Bd3 O-O 6. O-O a6 7. a4 Nbd7 8. Bg5 h6
9. Bh4 e5 10. dxe5 dxe5 11. Nbd2 b6 12. Nc4 Re8 13. Nfd2 Bb7 14. f3 Nc5 15. Bc2
a5 16. Nb3 Qe7 17. Ne3 Rad8 18. Qb1 Ne6 19. Rd1 Nf4 20. Rxd8 Rxd8 21. Qf1 Bc8
22. Rd1 Rxd1 23. Qxd1 g5 24. Bf2 h5 25. Nc1 g4 26. Nd3 gxf3 27. Qxf3 Bg4 28.
Nxg4 hxg4 29. Qe3 N6h5 30. Nxf4 Nxf4 31. Bg3 Qg5 32. Qe1 Bf8 33. Bf2 Be7 34. Be3
Qg6 35. Bf2 Bg5 36. Qd1 Bf6 37. Qe1 Kg7 38. Bg3 Be7 39. Bf2 Ne6 40. Qe2 Nf4 41.
Qe1 1/2-1/2

[Event "ch-FRA w 2013"]
[Site "Nancy FRA"]
[Date "2013.08.14"]
[Round "4.2"]
[White "Martsynovskaya, Marina"]
[Black "Navrotescu, Andreea-Cristiana"]
[Result "0-1"]
[WhiteTitle "WIM"]
[BlackTitle "WFM"]
[WhiteElo "2156"]
[BlackElo "2110"]
[WhiteFideId "609218"]
[BlackFideId "675946"]
[EventDate "2013.08.11"]

1. e4 c5 2. Nf3 d6 3. d4 cxd4 4. Nxd4 Nf6 5. Nc3 g6 6. Be2 Bg7 7. O-O Nc6 8. Be3
O-O 9. h3 a6 10. Nb3 b5 11. a3 Bb7 12. f4 Nd7 13. Qe1 Rc8 14. Qf2 b4 15. axb4
Nxb4 16. Rfc1 Rxc3 17. bxc3 Bxc3 18. Rab1 Bxe4 19. Bd4 Na2 20. Bxc3 Nxc3 21. Ra1
Nxe2+ 22. Qxe2 Qb6+ 23. Kh2 d5 24. Rxa6 Qc7 25. Qe3 e5 26. Ra7 Qd6 27. fxe5 Nxe5
28. Kg1 Nc4 29. Qf2 Qe5 30. Nc5 Bxg2 31. Nd3 Qg5 32. Qxg2 Qe3+ 33. Qf2 Qxh3 34.
Re1 Qg4+ 35. Kh1 Qh3+ 36. Qh2 Qf3+ 37. Qg2 Qh5+ 38. Kg1 d4 39. Rd7 Ne3 40. Qe2
Qg5+ 41. Kh1 Qh4+ 42. Kg1 Qg3+ 43. Kh1 Qh3+ 44. Kg1 Qxd7 0-1

[Event "ch-FRA w 2013"]
[Site "Nancy FRA"]
[Date "2013.08.14"]
[Round "4.3"]
[White "Maisuradze, Nino"]
[Black "Milliet, Sophie"]
[Result "1/2-1/2"]
[WhiteTitle "WGM"]
[BlackTitle "IM"]
[WhiteElo "2288"]
[BlackElo "2401"]
[WhiteFideId "13601717"]
[BlackFideId "623725"]
[EventDate "2013.08.11"]

1. d4 Nf6 2. Nf3 c5 3. e3 g6 4. Bd3 Bg7 5. O-O O-O 6. c3 cxd4 7. exd4 b6 8. Bg5
Bb7 9. Nbd2 d6 10. Re1 Nbd7 11. a4 a6 12. Ne4 h6 13. Nxf6+ Nxf6 14. Bxf6 Bxf6
15. Nd2 Bg7 16. Qb3 d5 17. a5 b5 18. Qa3 Re8 19. f4 Qc7 20. Rf1 e6 21. b4 Bf8
22. Qb2 Rac8 23. Rac1 Bd6 24. g3 Kg7 25. Nf3 Qe7 26. Ne5 Rc7 27. Qd2 Rec8 28.
Rc2 Bc6 29. h4 h5 30. Re1 Qf6 31. Rec1 Be8 32. Kg2 Qd8 33. Qe1 Qe7 34. Qd2 Qd8
35. Qe1 Qe7 36. Qd2 1/2-1/2

[Event "ch-FRA w 2013"]
[Site "Nancy FRA"]
[Date "2013.08.14"]
[Round "4.4"]
[White "Delorme, Laurie"]
[Black "Choisy, Mathilde"]
[Result "1-0"]
[WhiteTitle "WIM"]
[BlackTitle "WFM"]
[WhiteElo "2183"]
[BlackElo "2150"]
[WhiteFideId "630829"]
[BlackFideId "634565"]
[EventDate "2013.08.11"]

1. d4 g6 2. c4 Bg7 3. Nc3 d6 4. e4 Nd7 5. Be2 e5 6. d5 Ne7 7. h4 h5 8. Nh3 a5 9.
Be3 Nc5 10. a3 O-O 11. b4 axb4 12. axb4 Rxa1 13. Qxa1 Nb3 14. Qd1 Nd4 15. Ng5 f6
16. Nf3 Nxf3+ 17. Bxf3 f5 18. Bg5 Bf6 19. Qd2 f4 20. Bxf6 Rxf6 21. Bd1 Kg7 22.
Qa2 Ng8 23. Qa5 Rf7 24. Nb5 Nf6 25. f3 Qe7 26. Qa8 Rf8 27. Qb8 Bd7 28. Qxc7 Ne8
29. Qxb7 Rf7 30. Nc3 g5 31. Qa7 gxh4 32. Qf2 h3 33. gxh3 Kh6 34. c5 Rg7 35. c6
Bc8 36. b5 Rg3 37. Rg1 Qg7 38. Rxg3 fxg3 39. Qe3+ Kh7 40. b6 g2 41. Ne2 Ba6 42.
Ng1 Nf6 43. Be2 Qg3+ 44. Kd1 Ng4 45. hxg4 h4 46. b7 1-0

[Event "ch-FRA w 2013"]
[Site "Nancy FRA"]
[Date "2013.08.14"]
[Round "4.5"]
[White "Hamdouchi, Adina-Maria"]
[Black "Richard, Emma"]
[Result "0-1"]
[WhiteTitle "WGM"]
[WhiteElo "2211"]
[BlackElo "2108"]
[WhiteFideId "1206435"]
[BlackFideId "657590"]
[EventDate "2013.08.11"]

1. Nf3 Nf6 2. g3 d5 3. Bg2 c6 4. O-O Bg4 5. d3 e6 6. Nbd2 Bd6 7. e4 O-O 8. Qe2
Bc5 9. h3 Bh5 10. c3 dxe4 11. dxe4 Nbd7 12. e5 Nd5 13. Ne4 Be7 14. c4 N5b6 15.
Rd1 Qc7 16. g4 Bg6 17. Bf4 Rad8 18. Bg3 Nc5 19. Nxc5 Bxc5 20. Ng5 Bd4 21. Nf3
Bc5 22. Bh4 Be7 23. b3 Rxd1+ 24. Rxd1 Rd8 25. Bg3 Rxd1+ 26. Qxd1 Qd7 27. Qxd7
Nxd7 28. Nd2 Nc5 29. f4 Nd3 30. Be4 Bxe4 31. Nxe4 Nc1 32. Bf2 b6 33. Kf1 Nxa2
34. Ke2 Nc1+ 35. Kd2 Nxb3+ 36. Kc3 Nc1 37. Kd2 Na2 38. c5 b5 39. Nd6 a5 40. Nb7
a4 41. Na5 Nb4 42. f5 Bd8 43. Nb7 Bc7 44. Bd4 Kf8 45. Nd6 Bxd6 46. exd6 g6 47.
f6 Ke8 48. g5 Nd5 49. h4 Kd7 50. Kc2 Nf4 51. Be5 Ng2 52. Bg3 b4 53. Kd3 a3 54.
Kc2 a2 55. Kb2 b3 56. Be5 Nxh4 57. Kxb3 Nf3 58. Bc3 Nxg5 59. Kxa2 Nf3 60. Kb2 h5 0-1

[Event "ch-FRA w 2013"]
[Site "Nancy FRA"]
[Date "2013.08.14"]
[Round "4.6"]
[White "Leconte, Maria"]
[Black "Safranska, Anda"]
[Result "1/2-1/2"]
[WhiteTitle "WGM"]
[BlackTitle "WGM"]
[WhiteElo "2246"]
[BlackElo "2312"]
[WhiteFideId "618446"]
[BlackFideId "11600209"]
[EventDate "2013.08.11"]

1. e4 g6 2. d4 Bg7 3. Nf3 d6 4. c3 Nf6 5. Bd3 O-O 6. O-O a6 7. Re1 Nc6 8. d5 Nb8
9. h3 e5 10. dxe6 Bxe6 11. c4 Nc6 12. Nc3 Ne5 13. Nxe5 dxe5 14. Be3 c6 15. a4 a5
16. Qe2 Re8 17. c5 Nd7 18. Rec1 Qe7 19. Nb1 f5 20. f3 Kh8 21. Nd2 Rad8 22. Kh1
Nf6 23. Ra3 Nh5 24. Qe1 Bf6 25. Nc4 Bh4 26. Qxa5 f4 27. Bg1 Ng3+ 28. Kh2 Rxd3
29. Rxd3 Bxc4 30. Rxc4 Nf1+ 31. Kh1 Ng3+ 1/2-1/2

[Event "ch-FRA w 2013"]
[Site "Nancy FRA"]
[Date "2013.08.15"]
[Round "5.1"]
[White "Richard, Emma"]
[Black "Maisuradze, Nino"]
[Result "0-1"]
[BlackTitle "WGM"]
[WhiteElo "2108"]
[BlackElo "2288"]
[WhiteFideId "657590"]
[BlackFideId "13601717"]
[EventDate "2013.08.11"]

1. d4 Nf6 2. Nf3 e6 3. g3 c5 4. Bg2 d5 5. c4 Nc6 6. O-O dxc4 7. Qa4 Qb6 8. Ne5
cxd4 9. Nxc4 Qc5 10. b3 a6 11. Ba3 Qb5 12. Bxf8 Qxa4 13. Bxg7 Qb4 14. Bxf6 Rg8
15. Nbd2 Kf8 16. Ne4 Rg6 17. e3 Bd7 18. Rfd1 Be8 19. Ncd6 Rxf6 20. Nxe8 Rxf2 21.
Nxf2 dxe3 22. Ne4 e2 23. Re1 Rxe8 24. Rac1 Nd4 25. Rc4 0-1

[Event "ch-FRA w 2013"]
[Site "Nancy FRA"]
[Date "2013.08.15"]
[Round "5.2"]
[White "Collas, Silvia"]
[Black "Leconte, Maria"]
[Result "1/2-1/2"]
[WhiteTitle "IM"]
[BlackTitle "WGM"]
[WhiteElo "2286"]
[BlackElo "2246"]
[WhiteFideId "2902265"]
[BlackFideId "618446"]
[EventDate "2013.08.11"]

1. Nf3 d5 2. d4 c5 3. c4 e6 4. cxd5 exd5 5. g3 Nc6 6. Bg2 Nf6 7. O-O Be7 8. Nc3
O-O 9. dxc5 d4 10. Na4 Bf5 11. Bf4 Be4 12. Rc1 Qd5 13. Qb3 Qh5 14. Rfd1 Rad8 15.
Ne1 Qxe2 16. Qxb7 Rd7 17. Qb3 Bxg2 18. Kxg2 Nd5 19. Qf3 Qa6 20. b3 Nxf4+ 21.
gxf4 f5 22. Nd3 g5 23. Re1 g4 24. Qe2 Qb7 25. Kg1 Bd8 26. Qe6+ Kg7 27. b4 Rf6
28. Qc4 a6 29. Re8 Rg6 30. Rce1 Qb5 31. Qg8+ Kh6 32. Qf8+ Rdg7 33. Nab2 Nxb4 34.
Rxd8 Nxd3 35. Nxd3 Qxd3 36. Rd6 Qd2 37. Re7 Qd1+ 38. Kg2 Qf3+ 39. Kf1 Qh1+ 40.
Ke2 Qf3+ 41. Ke1 Qc3+ 1/2-1/2

[Event "ch-FRA w 2013"]
[Site "Nancy FRA"]
[Date "2013.08.15"]
[Round "5.4"]
[White "Milliet, Sophie"]
[Black "Congiu, Mathilde"]
[Result "1-0"]
[WhiteTitle "IM"]
[BlackTitle "WIM"]
[WhiteElo "2401"]
[BlackElo "2190"]
[WhiteFideId "623725"]
[BlackFideId "634581"]
[EventDate "2013.08.11"]

1. e4 e5 2. Nf3 Nc6 3. Bb5 a6 4. Ba4 Nf6 5. O-O Be7 6. d3 b5 7. Bb3 d6 8. a4 Rb8
9. axb5 axb5 10. Nc3 Bg4 11. Be3 O-O 12. h3 Bxf3 13. Qxf3 Nd4 14. Bxd4 exd4 15.
Nd5 c6 16. Nxf6+ Bxf6 17. Ra6 Rc8 18. Rfa1 Be5 19. Qg4 Qf6 20. Ra7 Rcd8 21. R7a6
Rc8 22. g3 Qg6 23. Ra7 d5 24. Qxg6 hxg6 25. f4 Bb8 26. Rb7 dxe4 27. dxe4 Rc7 28.
Rxc7 Bxc7 29. Ra6 c5 30. Rc6 c4 31. Bxc4 bxc4 32. Rxc7 Rb8 33. Rxc4 Rxb2 34. Kf1
Rb1+ 35. Ke2 Rg1 36. g4 Rg3 37. Rxd4 Rxh3 38. c4 Kf8 39. c5 Rc3 40. Rd5 Ke7 41.
Kd2 Rc4 42. Kd3 Rc1 43. e5 Ke8 44. Kd4 Ke7 45. Rd6 Rc2 46. g5 Rf2 47. Kd5 Rd2+
48. Kc6 Rc2 49. Kb6 Rb2+ 50. Kc7 Rc2 51. c6 Rc1 52. Kb7 Rb1+ 53. Kc8 Rb2 54. c7
Rb1 55. Ra6 Rb2 56. Ra8 Rb1 57. Rb8 Ra1 58. Kb7 Rb1+ 59. Ka6 Ra1+ 60. Kb5 1-0

[Event "ch-FRA w 2013"]
[Site "Nancy FRA"]
[Date "2013.08.15"]
[Round "5.5"]
[White "Navrotescu, Andreea-Cristiana"]
[Black "Hamdouchi, Adina-Maria"]
[Result "1/2-1/2"]
[WhiteTitle "WFM"]
[BlackTitle "WGM"]
[WhiteElo "2110"]
[BlackElo "2211"]
[WhiteFideId "675946"]
[BlackFideId "1206435"]
[EventDate "2013.08.11"]

1. c4 g6 2. g3 Bg7 3. Bg2 Nf6 4. Nc3 O-O 5. e4 d6 6. Nge2 e5 7. O-O Nc6 8. d3
Nh5 9. Be3 Nd4 10. Qd2 Bg4 11. f3 Be6 12. g4 Nxe2+ 13. Nxe2 Nf6 14. Rac1 Ne8 15.
d4 exd4 16. Nxd4 Bd7 17. h3 c5 18. Ne2 Qe7 19. Nc3 f5 20. Nd5 Qf7 21. exf5 gxf5
22. g5 Be6 23. f4 Nc7 24. Nxc7 Qxc7 25. b3 Rad8 26. Rcd1 b6 27. Rfe1 Kh8 28. Bf2
Bf7 29. Bd5 Qd7 30. Bxf7 Qxf7 31. Qd5 Qh5 32. Rd3 h6 33. Rg3 hxg5 34. Rxg5 Qxh3
35. Re3 Qh7 36. Reg3 Rd7 37. Qe6 Rdf7 38. Kg2 Rf6 39. Qe2 Bh6 40. Qb2 Qe7 41.
Re3 Qf7 42. Rh3 Kh7 43. Kh2 Rg6 44. Qe2 Rfg8 45. Qh5 Qg7 46. Rhg3 Qf6 47. Rxf5
Qb2 48. Rf7+ Kh8 49. Rxg6 Qxf2+ 50. Kh3 Qf1+ 51. Kg4 Qe2+ 52. Kh4 Qh2+ 53. Kg4
Qe2+ 1/2-1/2

[Event "ch-FRA w 2013"]
[Site "Nancy FRA"]
[Date "2013.08.17"]
[Round "6.2"]
[White "Leconte, Maria"]
[Black "Milliet, Sophie"]
[Result "0-1"]
[WhiteTitle "WGM"]
[BlackTitle "IM"]
[WhiteElo "2246"]
[BlackElo "2401"]
[WhiteFideId "618446"]
[BlackFideId "623725"]
[EventDate "2013.08.11"]

1. d4 Nf6 2. Nc3 d5 3. Bg5 c6 4. Qd3 g6 5. Bxf6 exf6 6. e3 Bg7 7. Qd2 O-O 8.
O-O-O b5 9. Kb1 Nd7 10. h4 Nb6 11. h5 b4 12. Nce2 Nc4 13. Qe1 a5 14. h6 Bh8 15.
Nc1 f5 16. Nf3 Qb6 17. Nd3 Re8 18. g3 Rb8 19. Nfe5 Nxe5 20. Nxe5 Bxe5 21. dxe5
Rxe5 22. Qd2 Bb7 23. c4 c5 24. f4 Re4 25. cxd5 c4 26. g4 c3 27. Qf2 b3 28. axb3
Qxb3 29. Qc2 Bxd5 30. Qxb3 Bxb3 31. Rd3 c2+ 32. Kc1 Ra4 33. Bg2 Ra1+ 34. Kd2
Rd1+ 0-1

[Event "ch-FRA w 2013"]
[Site "Nancy FRA"]
[Date "2013.08.17"]
[Round "6.3"]
[White "Martsynovskaya, Marina"]
[Black "Safranska, Anda"]
[Result "0-1"]
[WhiteTitle "WIM"]
[BlackTitle "WGM"]
[WhiteElo "2156"]
[BlackElo "2312"]
[WhiteFideId "609218"]
[BlackFideId "11600209"]
[EventDate "2013.08.11"]

1. e4 g6 2. d4 Bg7 3. Nf3 d6 4. Nc3 c6 5. Be2 b5 6. Be3 Nf6 7. Nd2 e5 8. dxe5
dxe5 9. a4 b4 10. Na2 Qe7 11. c3 bxc3 12. Nxc3 O-O 13. a5 Rd8 14. O-O Na6 15. f3
Rb8 16. Na4 Nh5 17. g3 Nb4 18. Qc1 Bf8 19. Qc3 Nf6 20. Nc5 Nbd5 21. exd5 Nxd5
22. Qa3 Nxe3 23. Qxe3 Qxc5 0-1